[Event "Frankfurt Ch 2014"]
[Site "Ffm-Höchst, BiKuZ"]
[Date "2014.06.16"]
[Round "7.27"]
[White "Schmitt, Roland"]
[Black "Plattner, Rolf"]
[Result "1-0"]
[WhiteElo "1907"]
[BlackElo "1740"]
[PlyCount "79"]
[EventDate "2014.??.??"]
[WhiteTeam "SK Großsachsen"]
[BlackTeam "SK Langen"]

1. d4 Nf6 2. c4 e6 3. Nc3 Bb4 4. Qc2 c5 5. e3 O-O 6. Nf3 Nc6 7. Bd3 d5 8. cxd5
exd5 9. dxc5 d4 10. exd4 Nxd4 11. Nxd4 Qxd4 12. Be3 Qe5 13. O-O-O Bxc5 14. Rhe1
Bxe3+ 15. Rxe3 Qg5 16. Kb1 Be6 17. Rg3 Qh5 18. Be2 Qf5 19. Bd3 Qh5 20. Ka1 Rac8
21. Qd2 Kh8 22. Bb1 Qa5 23. Rg5 Qc7 24. Rxg7 Kxg7 25. Qg5+ Kh8 26. Qxf6+ Kg8
27. Qg5+ Kh8 28. Qf6+ Kg8 29. Rd3 Rfd8 30. Rg3+ Kf8 31. Bxh7 Rd1+ 32. Nxd1 Qc1+
33. Bb1 Qxd1 34. Qh6+ Ke7 35. Qg5+ Kf8 36. Qh6+ Ke7 37. Qg5+ Kf8 38. Rd3 Qc1
39. Rd8+ Rxd8 40. Qxc1 1-0

[Event "Frankfurt Ch 2014"]
[Site "Ffm-Höchst, BiKuZ"]
[Date "2014.06.16"]
[Round "7.30"]
[White "Mosig, Rainer"]
[Black "Diehl, Stefan"]
[Result "1-0"]
[WhiteElo "1854"]
[BlackElo "1702"]
[PlyCount "67"]
[EventDate "2014.??.??"]
[WhiteTeam "SC 1979 Hattersheim"]
[BlackTeam "SC 1910 Höchst"]

1. d4 Nf6 2. Nf3 g6 3. c4 Bg7 4. Nc3 O-O 5. e4 d6 6. Be2 Nbd7 7. O-O c5 8. d5
Ne8 9. Be3 Ne5 10. Nxe5 Bxe5 11. f4 Bg7 12. Qd2 b6 13. Rae1 f5 14. h3 Bxc3 15.
Qxc3 fxe4 16. b3 e6 17. dxe6 Bxe6 18. Rd1 Qe7 19. Bc1 Rd8 20. Bb2 Ng7 21. g4
Rf7 22. Qe3 Bc8 23. Rf2 Rdf8 24. Rdf1 a6 25. a4 Ne8 26. Bd1 Bd7 27. Bc2 Bc6 28.
f5 d5 29. cxd5 Bxd5 30. Qc3 Ng7 31. f6 Qc7 32. fxg7 Re8 33. Rxf7 Bxf7 34. Qe3
1-0

[Event "Frankfurt Ch 2014"]
[Site "Ffm-Höchst, BiKuZ"]
[Date "2014.06.16"]
[Round "7.31"]
[White "Friedel, Thomas"]
[Black "Zimmer, Gerald"]
[Result "0-1"]
[WhiteElo "1447"]
[BlackElo "1832"]
[PlyCount "84"]
[EventDate "2014.??.??"]
[WhiteTeam "SV 1946 Groß-Gerau"]
[BlackTeam "SC Bergen-Enkheim 1922"]

1. e4 e6 2. d4 d5 3. exd5 exd5 4. Nc3 Nc6 5. Bd3 Bb4 6. Nge2 Nge7 7. O-O Bg4 8.
f3 Bh5 9. Ng3 Bg6 10. Nce2 Qd7 11. c3 Bd6 12. Bf4 h5 13. Re1 h4 14. Bxd6 Qxd6
15. Nh1 O-O-O 16. Nf2 Nf5 17. Qd2 Nce7 18. Qf4 Rhe8 19. Qxd6 Nxd6 20. Nf4 Bf5
21. Re5 f6 22. Bxf5+ Ndxf5 23. Re6 Rd6 24. Rae1 Rxe6 25. Rxe6 Kd7 26. N2d3 b6
27. Re2 g5 28. Nh3 Ng6 29. Rxe8 Kxe8 30. Kf2 Kd7 31. g4 hxg3+ 32. hxg3 Nd6 33.
Ke2 a5 34. a4 Ne7 35. g4 Ng6 36. f4 gxf4 37. Nhxf4 Nxf4+ 38. Nxf4 c6 39. Ke3
Nc4+ 40. Kd3 Nxb2+ 41. Kc2 Nxa4 42. Kb3 b5 0-1

[Event "Frankfurt Ch 2014"]
[Site "Ffm-Höchst, BiKuZ"]
[Date "2014.06.16"]
[Round "7.32"]
[White "Barisch, Florian"]
[Black "Leibold, Mathias"]
[Result "1-0"]
[WhiteElo "1822"]
[BlackElo "1682"]
[PlyCount "75"]
[EventDate "2014.??.??"]
[WhiteTeam "SF Anderssen Wetzlar"]
[BlackTeam "SV 1926 Fechenheim"]

1. d4 d5 2. Bf4 Nf6 3. e3 e6 4. Nd2 Bd6 5. Bg3 O-O 6. Bd3 b6 7. Ngf3 Bb7 8. Ne5
c5 9. c3 Nc6 10. f4 cxd4 11. exd4 Rc8 12. Qf3 a6 13. Bh4 Be7 14. Qh3 h6 15.
Bxf6 Bxf6 16. O-O Bxe5 17. fxe5 Qg5 18. Rf2 f5 19. exf6 Rxf6 20. Rxf6 Qxf6 21.
Rf1 Qe7 22. Re1 Nd8 23. Bb1 b5 24. Qd3 Qg5 25. Qh7+ Kf8 26. Nf3 Qf6 27. Ne5 Ke7
28. Rf1 Qg5 29. Ng6+ Kd6 30. Qxg7 Rc7 31. Qf8+ Kd7 32. Ne5+ Kc8 33. Bg6 a5 34.
Nf7 Qe3+ 35. Kh1 Rd7 36. Qc5+ Rc7 37. Qxb5 Rc4 38. Nd6+ 1-0

[Event "Frankfurt Ch 2014"]
[Site "Ffm-Höchst, BiKuZ"]
[Date "2014.06.16"]
[Round "7.33"]
[White "Reimer, Otto"]
[Black "Miller, Justin"]
[Result "0-1"]
[WhiteElo "1793"]
[BlackElo "1634"]
[PlyCount "98"]
[EventDate "2014.??.??"]
[WhiteTeam "SK Bad Homburg 1927"]
[BlackTeam "Sfr.1932 Kelkheim"]

1. e4 Nf6 2. e5 Nd5 3. d4 d6 4. c4 Nb6 5. f4 dxe5 6. fxe5 Nc6 7. Nf3 Bf5 8. a3
e6 9. Be3 Be7 10. Be2 Bh4+ 11. g3 Be7 12. O-O g5 13. Kg2 g4 14. Ne1 h5 15. Nc3
Bg5 16. Bg1 Qe7 17. Rxf5 exf5 18. c5 Nc8 19. Nd5 Qd7 20. Bc4 N8e7 21. Nf4 Bxf4
22. gxf4 Nd5 23. Nd3 O-O-O 24. Qd2 h4 25. b4 Kb8 26. b5 Nxd4 27. Bxd4 Nxf4+ 28.
Qxf4 Qxd4 29. Rc1 Qxf4 30. Nxf4 Rd4 31. Ne2 Re4 32. Kf2 Rxe5 33. Bxf7 Rf8 34.
Bb3 f4 35. Rc3 g3+ 36. Kf1 g2+ 37. Kxg2 Rxe2+ 38. Kf3 Rxh2 39. Kg4 f3 40. Bc4
Rg2+ 41. Kh3 Rg1 42. c6 f2 43. Bf1 Rg3+ 44. Rxg3 hxg3 45. Kxg3 b6 46. Kg2 Kc8
47. Be2 Kd8 48. Kf1 Ke7 49. Bd1 Kd6 0-1

[Event "Frankfurt Ch 2014"]
[Site "Ffm-Höchst, BiKuZ"]
[Date "2014.06.16"]
[Round "7.34"]
[White "Worzelberger, Armin"]
[Black "Knott, Tilo"]
[Result "1-0"]
[WhiteElo "1766"]
[BlackElo "1571"]
[PlyCount "75"]
[EventDate "2014.??.??"]
[WhiteTeam "SC Grunbach"]
[BlackTeam "SC Brett vorm Kopp Ffm"]

1. e4 d5 2. exd5 Qxd5 3. c4 Qd8 4. Nc3 Nf6 5. Nf3 Bg4 6. Be2 e6 7. Qb3 b6 8. h3
Bf5 9. d4 Nc6 10. Qb5 Qd7 11. d5 Nb4 12. Ne5 Nc2+ 13. Kf1 Qxb5 14. Nxb5 Bd6 15.
g4 Bxe5 16. gxf5 Nxa1 17. f4 Bd6 18. dxe6 Nc2 19. Bf3 O-O 20. Rh2 Nb4 21. Nxd6
cxd6 22. e7 Rfe8 23. Bxa8 Rxa8 24. Rd2 Re8 25. Rxd6 Rxe7 26. a3 Na6 27. b4 Kf8
28. Bb2 Rd7 29. Rc6 Ke7 30. Be5 Ne4 31. Bxg7 Ng3+ 32. Kf2 Nxf5 33. Be5 Nd6 34.
c5 Ne4+ 35. Kf3 Nexc5 36. Bf6+ Ke8 37. Rc8+ Rd8 38. Rxd8# 1-0

[Event "Frankfurt Ch 2014"]
[Site "Ffm-Höchst, BiKuZ"]
[Date "2014.06.16"]
[Round "7.35"]
[White "Bastian, Holger"]
[Black "Larem, Peter"]
[Result "1/2-1/2"]
[WhiteElo "1680"]
[BlackElo "1763"]
[PlyCount "35"]
[EventDate "2014.??.??"]
[WhiteTeam "Aschaffenburg- Schweinheim"]
[BlackTeam "SSG Rödermark/Eppertshausen"]

1. e4 e5 2. Nf3 Nf6 3. d3 Nc6 4. g3 d6 5. Bg2 Be7 6. O-O O-O 7. Nbd2 Bg4 8. h3
Be6 9. a4 h6 10. Re1 Qd7 11. Kh2 Nh7 12. Nc4 f5 13. Ne3 fxe4 14. dxe4 Ng5 15.
Nf5 Bxf5 16. exf5 Qxf5 17. Nh4 Qf6 18. Be3 1/2-1/2

[Event "Frankfurt Ch 2014"]
[Site "Ffm-Höchst, BiKuZ"]
[Date "2014.06.16"]
[Round "7.37"]
[White "Hierling, Stefan"]
[Black "Riha, Peter"]
[Result "1-0"]
[WhiteElo "1926"]
[BlackElo "1565"]
[PlyCount "102"]
[EventDate "2014.??.??"]
[WhiteTeam "VSG 1880 Offenbach"]
[BlackTeam "SC Bergen-Enkheim 1922"]

1. e4 e5 2. Nc3 Nf6 3. Bc4 Nxe4 4. Nxe4 d5 5. Qh5 dxc4 6. Qxe5+ Qe7 7. Nf3 Nc6
8. Qxe7+ Bxe7 9. a3 Bf5 10. d3 cxd3 11. cxd3 O-O-O 12. Ke2 Bg4 13. Be3 Nd4+ 14.
Bxd4 Rxd4 15. Ke3 Rd5 16. h3 Bxf3 17. gxf3 f5 18. Nc3 Bc5+ 19. Kd2 Rd7 20. Rad1
Bxf2 21. Kc2 Re8 22. Rh2 Bd4 23. Ne2 Bf6 24. f4 Rde7 25. Rd2 Re3 26. b3 Rf3 27.
h4 Ree3 28. h5 Rh3 29. Ng1 Rh4 30. Rxh4 Bxh4 31. Rg2 Rg3 32. Rxg3 Bxg3 33. Ne2
Bh4 34. Kc3 g6 35. hxg6 hxg6 36. Kd4 Bf6+ 37. Kd5 Kd7 38. a4 c6+ 39. Kc4 Kd6
40. d4 g5 41. fxg5 Bxg5 42. Ng1 Be3 43. Nf3 f4 44. b4 b6 45. b5 c5 46. d5 Bc1
47. Ne1 Be3 48. Nf3 Bf2 49. Nh2 Ke5 50. Ng4+ Ke4 51. Nxf2+ Ke3 1-0

[Event "Frankfurt Ch 2014"]
[Site "Ffm-Höchst, BiKuZ"]
[Date "2014.06.16"]
[Round "7.38"]
[White "Weiland, Thomas"]
[Black "Kirschner, Matthias"]
[Result "1-0"]
[WhiteElo "1695"]
[BlackElo "1511"]
[PlyCount "61"]
[EventDate "2014.??.??"]
[WhiteTeam "SV Oberursel"]
[BlackTeam "SV 1997 Nauheim"]

1. e4 d6 2. f4 Nf6 3. Nc3 e5 4. fxe5 dxe5 5. Nf3 Bd6 6. d3 h6 7. h3 Be6 8. Be3
Nc6 9. Be2 O-O 10. Qd2 Nh7 11. g4 f6 12. O-O-O Be7 13. Nh4 Bf7 14. Nf5 Be6 15.
h4 Bxf5 16. gxf5 Qe8 17. Rdg1 Kh8 18. Rg6 Rg8 19. Bh5 Qd7 20. Rhg1 Bd6 21. Nd5
b6 22. Qg2 Bc5 23. Rg3 Bxe3+ 24. Nxe3 Nd4 25. Ng4 Qd8 26. Bf7 Rf8 27. Bg6 Rg8
28. c3 Nc6 29. Bf7 Qe7 30. Bd5 Qe8 31. Nxh6 1-0

[Event "Frankfurt Ch 2014"]
[Site "Ffm-Höchst, BiKuZ"]
[Date "2014.06.16"]
[Round "7.40"]
[White "Cichon, Jörg"]
[Black "Marchese, Eric"]
[Result "1/2-1/2"]
[WhiteElo "1649"]
[BlackElo "1458"]
[PlyCount "61"]
[EventDate "2014.??.??"]
[WhiteTeam "Sfr.Mainz 1928"]
[BlackTeam "SC Matt im Park Ffm"]

1. e4 d5 2. exd5 Nf6 3. Nc3 Bg4 4. Be2 Bxe2 5. Qxe2 a6 6. Nf3 Nxd5 7. Nxd5 Qxd5
8. d3 Nc6 9. Bf4 Qa5+ 10. Bd2 Qd5 11. a3 f6 12. Qe4 Qxe4+ 13. dxe4 e5 14. Be3
O-O-O 15. Rd1 Rxd1+ 16. Kxd1 Be7 17. Kc1 Rd8 18. Rd1 Na5 19. Rxd8+ Kxd8 20. Nd2
b6 21. b4 Nb7 22. Nc4 Kd7 23. f3 Kc6 24. Kb2 h5 25. h4 Kd7 26. Bf2 Nd8 27. Ne3
Ne6 28. c3 Kc6 29. Kb3 Bf8 30. g3 g6 31. Nd5 1/2-1/2

[Event "Frankfurt Ch 2014"]
[Site "Ffm-Höchst, BiKuZ"]
[Date "2014.06.16"]
[Round "7.41"]
[White "Winter, Olaf"]
[Black "Jeß, Geralf"]
[Result "0-1"]
[WhiteElo "1605"]
[BlackElo "1611"]
[PlyCount "84"]
[EventDate "2014.??.??"]
[WhiteTeam "SK Bad Homburg 1927"]
[BlackTeam "SC Matt im Park Ffm"]

1. c4 e5 2. Nc3 Nc6 3. g3 Nf6 4. Bg2 Bc5 5. a3 a5 6. e3 O-O 7. Nge2 d6 8. b3
Bf5 9. d4 exd4 10. exd4 Bb6 11. Be3 Ng4 12. Bf4 Re8 13. O-O Rb8 14. h3 Nf6 15.
Bg5 h6 16. Be3 Qd7 17. Kh2 Ne4 18. Nd5 Ba7 19. g4 Bh7 20. f3 Ng5 21. Qd2 Ne6
22. Rac1 Qd8 23. Ndc3 Ne7 24. Nb5 Bb6 25. Rfd1 c6 26. Nbc3 d5 27. c5 Bc7+ 28.
Kh1 Ng6 29. f4 Nh4 30. f5 Ng5 31. Rf1 Nxg2 32. Kxg2 Ne4 33. Nxe4 Rxe4 34. f6
Qe8 35. Rc3 Qe6 36. fxg7 Rxg4+ 37. hxg4 Qxg4+ 38. Kf2 Qh4+ 39. Ng3 Bxg3+ 40.
Ke2 Qh5+ 41. Rf3 Be4 42. Bxh6 Re8 0-1

[Event "Frankfurt Ch 2014"]
[Site "Ffm-Höchst, BiKuZ"]
[Date "2014.06.16"]
[Round "7.42"]
[White "Bittner, Peter"]
[Black "Reichel, Rolf"]
[Result "1-0"]
[WhiteElo "1827"]
[BlackElo "1535"]
[PlyCount "77"]
[EventDate "2014.??.??"]
[WhiteTeam "SC 1961 König Nied"]
[BlackTeam "SF Frankfurt 1921"]

1. e4 c5 2. Nf3 Nc6 3. c3 e5 4. Bb5 Qc7 5. O-O Nf6 6. d3 Be7 7. h3 O-O 8. Qe2
d6 9. Nh2 a6 10. Ba4 b5 11. Bc2 d5 12. Bg5 d4 13. a3 a5 14. Nd2 Be6 15. Rac1 a4
16. Nb1 Rfd8 17. Bxf6 Bxf6 18. Nf3 Rd7 19. Rfd1 b4 20. cxb4 cxb4 21. axb4 Qb6
22. Rd2 Rda7 23. Na3 Nxb4 24. Qd1 Nxc2 25. Rdxc2 g6 26. Qd2 Qb3 27. Rc5 Qb8 28.
Nc4 Bxc4 29. R1xc4 Rb7 30. Qc2 Qd6 31. Rd5 Qb8 32. Rxa4 Rxa4 33. Qxa4 Rxb2 34.
Qa5 Rb1+ 35. Kh2 Rf1 36. Rb5 Qc8 37. Rc5 Qb8 38. Qa6 Qb2 39. Qxf6 1-0

[Event "Frankfurt Ch 2014"]
[Site "Ffm-Höchst, BiKuZ"]
[Date "2014.06.16"]
[Round "7.43"]
[White "Stock, Jürgen"]
[Black "Zerhusen, Martin"]
[Result "1-0"]
[WhiteElo "1780"]
[BlackElo "1587"]
[PlyCount "49"]
[EventDate "2014.??.??"]
[WhiteTeam "SC Eschborn 1974"]
[BlackTeam "SV Oberursel"]

1. d4 d5 2. Bg5 Bf5 3. e3 h6 4. Bh4 Nd7 5. Bd3 Bxd3 6. Qxd3 c6 7. Nd2 Ngf6 8.
f4 g6 9. Ngf3 Bg7 10. O-O Qc7 11. Ne5 c5 12. Bxf6 Bxf6 13. c4 cxd4 14. exd4
dxc4 15. Ndxc4 b5 16. Ne3 Qb7 17. Rac1 Bxe5 18. fxe5 e6 19. d5 exd5 20. e6 Ne5
21. exf7+ Nxf7 22. Nxd5 Rd8 23. Nf6+ Kf8 24. Qxg6 Qb6+ 25. Kh1 1-0

[Event "Frankfurt Ch 2014"]
[Site "Ffm-Höchst, BiKuZ"]
[Date "2014.06.16"]
[Round "7.44"]
[White "Makilla, Tobias"]
[Black "Gude, Michael"]
[Result "1/2-1/2"]
[WhiteElo "1762"]
[BlackElo "1587"]
[PlyCount "119"]
[EventDate "2014.??.??"]
[WhiteTeam "SC 1979 Hattersheim"]
[BlackTeam "SF Fürth 1951 e.V."]

1. e4 e5 2. Nf3 Nf6 3. Nxe5 d6 4. Nf3 Nxe4 5. Qe2 Qe7 6. d3 Nf6 7. Bg5 Qxe2+ 8.
Bxe2 Be7 9. Nc3 Bd7 10. O-O-O a6 11. Rhe1 Nc6 12. Ne4 Nxe4 13. dxe4 Bxg5+ 14.
Nxg5 h6 15. Nf3 O-O-O 16. Bc4 Be6 17. Bd5 Nb4 18. c3 Nxd5 19. exd5 Bg4 20. Rd3
Rde8 21. Rde3 Kd7 22. Kd2 Rxe3 23. Rxe3 Re8 24. Nd4 Rxe3 25. Kxe3 c5 26. dxc6+
bxc6 27. f3 Be6 28. a4 c5 29. Nxe6 fxe6 30. b4 Kc6 31. f4 d5 32. Kd3 g6 33. h3
h5 34. g3 d4 35. b5+ axb5 36. axb5+ Kxb5 37. cxd4 Kb4 38. g4 hxg4 39. hxg4 c4+
40. Kc2 c3 41. d5 exd5 42. f5 gxf5 43. gxf5 Kc5 44. Kxc3 Kd6 45. Kd4 Ke7 46.
Kxd5 Kf6 47. Ke4 Kf7 48. Ke5 Ke7 49. f6+ Kf7 50. Kf5 Kf8 51. Kg5 Kf7 52. Kf5
Kf8 53. Kg4 Kf7 54. Kg5 Kf8 55. Kg6 Kg8 56. Kf5 Kf7 57. Ke5 Kf8 58. Ke6 Ke8 59.
f7+ Kf8 60. Kf6 1/2-1/2

[Event "Frankfurt Ch 2014"]
[Site "Ffm-Höchst, BiKuZ"]
[Date "2014.06.16"]
[Round "7.45"]
[White "Lemonidis, Christos"]
[Black "Falkenhainer, Sven"]
[Result "1-0"]
[WhiteElo "1741"]
[BlackElo "1597"]
[PlyCount "55"]
[EventDate "2014.??.??"]
[WhiteTeam "SC 1961 König Nied"]
[BlackTeam "SV 1946 Groß-Gerau"]

1. e4 e5 2. Nf3 d6 3. d4 exd4 4. Qxd4 Nc6 5. Bb5 Bd7 6. Qd3 Be7 7. O-O Nf6 8.
Nc3 O-O 9. Bf4 Nh5 10. Be3 a6 11. Bc4 Bg4 12. Qd1 Nf6 13. Be2 Bxf3 14. Bxf3 Ne5
15. Be2 Nfd7 16. f4 Ng6 17. Rf3 Bf6 18. Rh3 Bxc3 19. bxc3 Qe7 20. Bd3 Nc5 21.
Qh5 h6 22. f5 Nxd3 23. cxd3 Ne5 24. Bxh6 f6 25. Bxg7 Rfd8 26. Qh7+ Kf7 27. Bf8+
Kxf8 28. Qh8+ 1-0

[Event "Frankfurt Ch 2014"]
[Site "Ffm-Höchst, BiKuZ"]
[Date "2014.06.16"]
[Round "7.46"]
[White "Günther, Rainer"]
[Black "Tiraspolski, Arkadij"]
[Result "1/2-1/2"]
[WhiteElo "1572"]
[BlackElo "1664"]
[PlyCount "100"]
[EventDate "2014.??.??"]
[WhiteTeam "SV Mainz-Mombach"]
[BlackTeam "vereinslos"]

1. e4 e6 2. d4 d5 3. Nc3 Bb4 4. e5 c5 5. a3 Bxc3+ 6. bxc3 Nc6 7. Nf3 c4 8. Be2
Nge7 9. Nh4 O-O 10. O-O Ng6 11. Nxg6 fxg6 12. a4 Bd7 13. Ba3 Rf7 14. Qd2 Ne7
15. a5 Nf5 16. Bc5 Qh4 17. f4 Nh6 18. Rf3 Rf5 19. Raf1 Qd8 20. Bb4 b6 21. axb6
Qxb6 22. Ra1 a5 23. Bc5 Qd8 24. Rff1 Qh4 25. g3 Qd8 26. Rfb1 a4 27. g4 Rf7 28.
Qe3 Be8 29. Rb6 Qc8 30. Qc1 Rb7 31. Rxb7 Qxb7 32. Rb1 Qc8 33. Ba3 Rb8 34. Rxb8
Qxb8 35. Qb2 Qxb2 36. Bxb2 Bd7 37. Kf2 Nf7 38. Ke3 Nd8 39. Ba3 Kf7 40. Bf3 Bc6
41. h4 Ke8 42. h5 gxh5 43. gxh5 g6 44. hxg6 hxg6 45. Kf2 Nf7 46. Kg3 Nh6 47.
Bg4 Bd7 48. Kh4 Nf7 49. Bb4 Bc8 50. Bh3 Bd7 1/2-1/2

[Event "Frankfurt Ch 2014"]
[Site "Ffm-Höchst, BiKuZ"]
[Date "2014.06.16"]
[Round "7.47"]
[White "Imelmann, Esther"]
[Black "Mehl, Ulrich"]
[Result "1/2-1/2"]
[WhiteElo "1662"]
[BlackElo "1570"]
[PlyCount "74"]
[EventDate "2014.??.??"]
[WhiteTeam "Vorw.Orient Mainz"]
[BlackTeam "SAbt TSG Nieder-Erlenbach 1888"]

1. d4 d5 2. c4 e6 3. Nc3 Nf6 4. Bg5 Nbd7 5. Nf3 c6 6. e3 Qa5 7. Bxf6 Nxf6 8.
Nd2 Be7 9. a3 dxc4 10. Nxc4 Qc7 11. b4 O-O 12. Bd3 Nd5 13. Qc2 Nxc3 14. Qxc3
Bd7 15. f4 Rfd8 16. O-O g6 17. Be4 Bd6 18. Rac1 Rac8 19. Ne5 Bxe5 20. fxe5 Be8
21. Rf2 Qe7 22. Qb3 Rc7 23. Rf6 Rdc8 24. h4 b6 25. h5 c5 26. hxg6 hxg6 27. bxc5
bxc5 28. Qb2 cxd4 29. Rxc7 Qxc7 30. exd4 Qc1+ 31. Qxc1 Rxc1+ 32. Rf1 Rc4 33.
Rd1 Ra4 34. Rd3 Bb5 35. Rb3 a6 36. Bd3 Bxd3 37. Rxd3 Ra5 1/2-1/2

[Event "Frankfurt Ch 2014"]
[Site "Ffm-Höchst, BiKuZ"]
[Date "2014.06.16"]
[Round "7.49"]
[White "Popp, Matthias"]
[Black "Balzereit, Georg"]
[Result "1/2-1/2"]
[WhiteElo "1530"]
[BlackElo "1632"]
[PlyCount "85"]
[EventDate "2014.??.??"]
[WhiteTeam "SC Bergen-Enkheim 1922"]
[BlackTeam "vereinslos"]

1. d4 Nf6 2. Nf3 d5 3. Bf4 c5 4. c3 cxd4 5. cxd4 Nc6 6. e3 Qb6 7. b3 Bf5 8. Be2
Nb4 9. Na3 Qa5 10. Bb5+ Nc6+ 11. Qd2 Qxa3 12. O-O a6 13. Bxc6+ bxc6 14. Rfc1 e6
15. Rxc6 Bb4 16. Qe2 O-O 17. Rac1 Bg4 18. R1c2 Nh5 19. Be5 f6 20. Bc7 f5 21. h3
Bxf3 22. Qxf3 Nf6 23. Rxe6 Rac8 24. Rec6 Ne4 25. Qe2 Rf6 26. Rxf6 Nxf6 27. Rc6
Ne8 28. Qc2 Rxc7 29. Rxc7 Nxc7 30. Qxc7 Bf8 31. Qd7 g6 32. Qxd5+ Kh8 33. Qe5+
Bg7 34. Qe8+ Qf8 35. Qxf8+ Bxf8 36. Kf1 Kg7 37. Ke2 Kf7 38. Kd3 a5 39. Kc4 Ke6
40. f3 Bb4 41. e4 fxe4 42. fxe4 g5 43. g4 1/2-1/2

[Event "Frankfurt Ch 2014"]
[Site "Ffm-Höchst, BiKuZ"]
[Date "2014.06.16"]
[Round "7.50"]
[White "Manasek, Martin"]
[Black "Jung, Bernd"]
[Result "0-1"]
[WhiteElo "1334"]
[BlackElo "1618"]
[PlyCount "120"]
[EventDate "2014.??.??"]
[WhiteTeam "Bad Vilbeler Sfr. 1985"]
[BlackTeam "Sfr.Erbach"]

1. d4 d5 2. c4 e6 3. Nf3 c5 4. Nc3 Nc6 5. e3 Nf6 6. Bd3 Bd6 7. O-O O-O 8. Re1
Re8 9. a3 a6 10. Qc2 dxc4 11. Bxc4 b5 12. Be2 c4 13. e4 e5 14. d5 Nd4 15. Qd1
Bc5 16. Bg5 Nxf3+ 17. Bxf3 h6 18. Bh4 Qd6 19. b4 cxb3 20. Qxb3 Bd7 21. Ne2 Rac8
22. h3 Nh7 23. Qd3 Qg6 24. Ng3 Qd6 25. Nf5 Bxf5 26. exf5 Nf6 27. Bg3 Bd4 28.
Rac1 Qd7 29. Rxc8 Qxc8 30. Qb1 Qd7 31. Bh4 Nxd5 32. Bxd5 Qxd5 33. f6 g5 34. Qf5
Qe6 35. Qe4 Qxf6 36. Bg3 Qb6 37. h4 Re6 38. hxg5 hxg5 39. Rc1 Rf6 40. Rc8+ Kg7
41. Rc2 Qd6 42. Qg4 Qe6 43. Qe4 Qf5 44. Qe2 Re6 45. Rd2 Qg6 46. Qd1 Rc6 47. Rd3
f5 48. Rxd4 exd4 49. Qxd4+ Rf6 50. Be5 Qf7 51. Bxf6+ Qxf6 52. Qd7+ Kh6 53. Qd3
Qa1+ 54. Kh2 Qe5+ 55. g3 Qf6 56. Qe3 f4 57. Qf3 Qd6 58. g4 a5 59. Qh3+ Kg7 60.
Qc3+ Kg6 0-1

[Event "Frankfurt Ch 2014"]
[Site "Ffm-Höchst, BiKuZ"]
[Date "2014.06.16"]
[Round "7.52"]
[White "Gelfenbaum, Daniel"]
[Black "Fischer, Lutz"]
[Result "0-1"]
[WhiteElo "1510"]
[BlackElo "1671"]
[PlyCount "94"]
[EventDate "2014.??.??"]
[WhiteTeam "SAbt TuS Makkabi Ffm"]
[BlackTeam "SF Frankfurt 1921"]

1. e4 e6 2. d4 d5 3. Nc3 Bb4 4. e5 c5 5. Bd2 Nh6 6. a3 Bxc3 7. Bxc3 Nc6 8. Nf3
Qb6 9. Bd3 cxd4 10. Nxd4 Nxe5 11. Bb5+ Bd7 12. Qe2 Ng6 13. Nxe6 Qxe6 14. Qxe6+
fxe6 15. Bxd7+ Kxd7 16. Bxg7 Nf5 17. Bxh8 Rxh8 18. Kd2 Ne5 19. b3 Rg8 20. Rhg1
Ng4 21. f3 Ne5 22. Rae1 Kd6 23. Ref1 Nd4 24. Kd1 h5 25. h3 h4 26. f4 Nec6 27.
Kd2 Nf5 28. c3 Na5 29. Rb1 Rg3 30. Rb2 Nc6 31. Rc2 Nce7 32. Rcc1 Ne3 33. Rce1
Nxg2 34. Ref1 Nf5 35. Rf2 Nfe3 36. Re2 Nxf4 37. Rxg3 Nf1+ 38. Ke1 Nxg3 39. Rh2
e5 40. Kd1 a5 41. b4 a4 42. Kc2 b5 43. Kd1 e4 44. Ke1 e3 45. Kd1 Ke5 46. Kc1
Ke4 47. Kc2 e2 0-1

[Event "Frankfurt Ch 2014"]
[Site "Ffm-Höchst, BiKuZ"]
[Date "2014.06.16"]
[Round "7.54"]
[White "Muthig, Holger"]
[Black "van Bömmel, Philipp"]
[Result "1/2-1/2"]
[WhiteElo "1588"]
[BlackElo "1511"]
[PlyCount "51"]
[EventDate "2014.??.??"]
[WhiteTeam "vereinslos"]
[BlackTeam "SC 1979 Hattersheim"]

1. d4 e6 2. c4 f5 3. g3 Nf6 4. Bg2 c6 5. Nc3 d5 6. cxd5 exd5 7. Nf3 Bd6 8. O-O
O-O 9. Bg5 h6 10. Bxf6 Qxf6 11. e3 Be6 12. Rc1 Nd7 13. Na4 g5 14. Nc5 Nxc5 15.
dxc5 Bc7 16. Nd4 Rae8 17. a3 Bd7 18. Qd2 f4 19. b4 Be5 20. Qd3 Bxd4 21. exd4
Bf5 22. Qd2 Qg6 23. Rfe1 fxg3 24. hxg3 g4 25. Rxe8 Rxe8 26. Re1 1/2-1/2

[Event "Frankfurt Ch 2014"]
[Site "Ffm-Höchst, BiKuZ"]
[Date "2014.06.16"]
[Round "7.55"]
[White "Bock, Mario"]
[Black "Stulken, Dietmar"]
[Result "1-0"]
[WhiteElo "1575"]
[BlackElo "1391"]
[PlyCount "61"]
[EventDate "2014.??.??"]
[WhiteTeam "SF Frankfurt 1921"]
[BlackTeam "SF Frankfurt 1921"]

1. e4 e5 2. Nf3 Nc6 3. d4 exd4 4. Nxd4 Qh4 5. Nb5 Bc5 6. Qe2 Nd4 7. Nxd4 Bxd4
8. g3 Qe7 9. Bg2 d6 10. Nd2 Nf6 11. c3 Bb6 12. Nc4 O-O 13. Nxb6 axb6 14. O-O
Ra5 15. Bd2 Rh5 16. Rfe1 Re8 17. h4 d5 18. Bg5 Bg4 19. f3 Qc5+ 20. Kh2 Rxe4 21.
Qd2 Bd7 22. Rxe4 Nxe4 23. fxe4 Qd6 24. Bf3 Qe6 25. Qg2 Rxg5 26. hxg5 dxe4 27.
Bxe4 Qg4 28. Re1 Qh5+ 29. Kg1 Qxg5 30. Qf2 g6 31. Qe3 1-0

[Event "Frankfurt Ch 2014"]
[Site "Ffm-Höchst, BiKuZ"]
[Date "2014.06.16"]
[Round "7.56"]
[White "Schindehütte, Frank"]
[Black "Kletzerman, Simon"]
[Result "1/2-1/2"]
[WhiteElo "1507"]
[BlackElo "1512"]
[PlyCount "84"]
[EventDate "2014.??.??"]
[WhiteTeam "SAbt VfL Goldstein"]
[BlackTeam "SAbt TuS Makkabi Ffm"]

1. f4 Nf6 2. c4 e6 3. Nc3 d5 4. d4 dxc4 5. e4 Be7 6. Bxc4 O-O 7. Nf3 Bb4 8. Qc2
Nc6 9. Be3 Ng4 10. Ke2 Nxe3 11. Kxe3 Na5 12. Bd3 c5 13. Ne2 cxd4+ 14. Kf2 Nc6
15. h4 Ba5 16. h5 Nb4 17. Qc4 b6 18. Qb3 Nc6 19. Rac1 Bb7 20. Rc4 a6 21. Nexd4
Nxd4 22. Rxd4 Qe7 23. Qa4 Rfd8 24. a3 Rxd4 25. Qxd4 b5 26. h6 f6 27. hxg7 Rd8
28. Qe3 Kxg7 29. e5 f5 30. Ng5 Rh8 31. Qh3 Bb6+ 32. Ke2 Kg8 33. Qh6 Bd5 34. Rc1
Qd7 35. Bxf5 Bc4+ 36. Rxc4 exf5 37. Rc6 Bd8 38. Rxa6 Qb7 39. Re6 Qxg2+ 40. Kd3
Qf1+ 41. Kc2 Qc4+ 42. Kb1 Qf1+ 1/2-1/2